Current X-men - Statistics

General Stats
  • This quiz has been taken 416 times
  • The average score is 8 of 44
Answer Stats
Postion Answer % Correct
Staff Wolverine
90%
Staff Storm
81%
Staff Iceman
73%
Staff Beast
70%
Staff Rogue
66%
Staff Angel
54%
Staff Shadowcat
54%
Staff Gambit
49%
Student Pixie
15%
Student Armor
14%
Student Rockslide
14%
Student Anole
13%
Staff Karma
13%
Staff Marvel Girl
13%
Staff Northstar
13%
Student Dust
11%
Student Hellion
10%
Student No-girl
10%
Staff Chamber
8%
Staff Doop
8%
Student Eye boy
8%
Student Mercury
8%
Student Bling
7%
Student Shark-girl
7%
Student Blindfold
6%
Staff Frenzy
6%
Student Velocidad
6%
Staff Warbird
6%
Student Match
5%
Student Cipher
4%
Student Ernst
4%
Student Indra
4%
Student Primal
4%
Student Trance
4%
Student Transonic
4%
Student Genesis
3%
Student Gentle
3%
Student Graymalkin
3%
Staff Lockheed
3%
Student Sprite
3%
Student Crosta
2%
Staff Deathlok
2%
Student Face
1%
Student Karasu
0%
No matching quizzes found
Score Distribution
Percent of People with Each Score
Percentile by Number Answered
Your Score History
You have not taken this quiz